|
|
|
|
| LEADER |
00776ncm a22002052a 4500 |
| 001 |
001355548 |
| 003 |
CZ BrMZK |
| 005 |
20150226141858.0 |
| 007 |
qu |
| 008 |
131219s1937 xr |||||||||||||||||zxx d |
| 040 |
|
|
|a BOA001
|b cze
|
| 072 |
|
7 |
|a 785
|x Instrumentální hudba. Symfonická hudba. Hudba pro více nástrojů
|2 Konspekt
|9 9
|
| 100 |
1 |
|
|a Suk, Josef,
|d 1929-2011
|7 jo20000076838
|4 cmp
|
| 245 |
1 |
0 |
|a Legenda o mrtvých vítězích
|h [hudebnina] :
|b op. 35b : tryzna pro velký orchestr : partitura /
|c Josef Suk
|
| 260 |
|
|
|a Praha :
|b Hudební matice Umělecké besedy,
|c c1937
|
| 300 |
|
|
|a 1 partitura (31 s.)
|
| 910 |
|
|
|a BOA001
|b Mus4-0165.757
|
| 990 |
|
|
|a MU
|
| 991 |
|
|
|b 201312
|
| 996 |
6 |
|
|b 2619615251
|c Mus4-0165.757
|l MZK
|r Sklad / do 1 hodiny
|n 0
|w 001390427
|u 000010
|a 1
|e BOA001
|j MZK50
|s P
|